000 nam a22 a 4500
999 _c3845
_d3845
003 AKMAL
005 20170524094026.0
008 170524sc198 nyu 00 eng d
020 _a0070055327
040 _aAKMAL
_cAKMAL
082 0 4 _a791.43028 TEM
090 _a791.43028
_bTEM
100 1 _aTemple, Shirley,
_d1928-
_97599
245 1 _aChild star :
_ban autobiography /
_cShirley Temple Black
260 _aNew York :
_bMcGraw-Hill,
_cc1988
300 _a546p., [48]p. of plates ;
_c24cm.
500 _aIncludes index
504 _aFilmography: p. 519-525
600 1 0 _aTemple, Shirley,
_d1928-
_97599
650 _aMotion picture actors and actresses
_xBiography
_zUnited States
_97600
650 _aAutobiography
_9802
942 _2ddc
_cBOOK